Kroměřížský kabinet mincí a medailí. I, Ražby porýnských arcibiskupů a kurfiřtů - Mohuč, Trevír, Kolín /

Korporativní autor: Arcidiecézní muzeum (Kroměříž, Česko)
Další autoři: Myšák, Miroslav, 1982-, Videman, Jan, 1964-, Engelbrecht, Wilken, 1962-, Národní památkový ústav. Územní odborné pracoviště - správa státního zámku Kroměříž
Jazyk: Čeština
Vydáno: [Olomouc] : Muzeum umění Olomouc ve spolupráci s Českou numismatickou společností - pobočkou v Kroměříži, c2014
Vydání: Vyd. 1.
Edice: Sbírky Arcibiskupství olomouckého
Témata:
Externí odkaz: Digitalizovaný dokument
Fyzický popis: 237 s. : il. (převážně barev.), 1 portrét, faksim., erby ; 32 cm
Knihy
Uloženo v:
LEADER 03751nam a2200757 a 4500
001 nkc20142614243
003 CZ PrNK
005 20150317092811.0
007 ta
008 140820s2014 xr achie c 001 0 cze
015 |a cnb002614243 
020 |a 978-80-87149-78-2  |q (váz.) 
035 |a (OCoLC)900134817 
040 |a OLA001  |b cze  |d ABA001 
041 1 |a cze  |h ger  |h dut 
043 |a e-gx---  |a e-xr--- 
045 |a o-w- 
072 7 |a 73  |x Sochařství, keramika, porcelán, umělecké zpracování kovů  |2 Konspekt  |9 21 
080 |a 737.1  |2 MRF 
080 |a 737.2  |2 MRF 
080 |a 27-726.1  |2 MRF 
080 |a 342.511.1(4)"12/17"  |2 MRF 
080 |a 737:069.5  |2 MRF 
080 |a (430)  |2 MRF 
080 |a (437.3)  |2 MRF 
080 |a (083.824)  |2 MRF 
245 0 0 |a Kroměřížský kabinet mincí a medailí.  |n I,  |p Ražby porýnských arcibiskupů a kurfiřtů - Mohuč, Trevír, Kolín /  |c [editoři Miroslav Myšák, Jan Videman ; texty Wilken Engelbrecht ... et al. ; překlad Jiří Černý ... et al.] 
246 3 0 |a Ražby porýnských arcibiskupů a kurfiřtů - Mohuč, Trevír, Kolín 
250 |a Vyd. 1. 
260 |a [Olomouc] :  |b Muzeum umění Olomouc ve spolupráci s Českou numismatickou společností - pobočkou v Kroměříži,  |c c2014 
300 |a 237 s. :  |b il. (převážně barev.), 1 portrét, faksim., erby ;  |c 32 cm 
490 1 |a Sbírky Arcibiskupství olomouckého ;  |v 1 
500 |a Část. přeloženo z němčiny a nizozemštiny? 
500 |a Pub. k výstavě 12.9.2014-25.9.2016, kterou pořádalo Muzeum umění Olomouc - Arcidézní muzeum Kroměříž ve spolupráci se Správou státního zámku Arcibiskupský zámek a zahrady v Kroměříži 
500 |a 400 výt. 
504 |a Obsahuje bibliografii, bibliografické odkazy a rejstříky 
610 2 7 |a Arcidiecézní muzeum (Kroměříž, Česko)  |7 olak2007396451  |2 czenas 
648 7 |a 11.-19. století  |7 ch757115  |2 czenas 
650 0 7 |a mince  |7 ph115319  |z Německo  |y 11.-19. století  |2 czenas 
650 0 7 |a medaile  |7 ph115253  |z Německo  |y 11.-19. století  |2 czenas 
650 0 7 |a arcibiskupové  |7 ph118592  |z Německo  |y 11.-19. století  |2 czenas 
650 0 7 |a kurfiřti  |7 ph234792  |z Německo  |y 11.-19. století  |2 czenas 
650 0 7 |a numismatické sbírky  |7 ph123368  |z Česko  |2 czenas 
650 0 9 |a coins  |z Germany  |y 11th-19th centuries  |2 eczenas 
650 0 9 |a medals  |z Germany  |y 11th-19th centuries  |2 eczenas 
650 0 9 |a archbishops  |z Germany  |y 11th-19th centuries  |2 eczenas 
650 0 9 |a electors  |z Germany  |y 11th-19th centuries  |2 eczenas 
650 0 9 |a numismatic collections  |z Czechia  |2 eczenas 
651 7 |a Kroměříž (Česko)  |7 ge129682  |2 czenas 
651 9 |a Kroměříž (Czechia)  |2 eczenas 
655 7 |a katalogy výstav  |7 fd132536  |2 czenas 
655 9 |a exhibition catalogs  |2 eczenas 
700 1 |a Myšák, Miroslav,  |d 1982-  |7 xx0182733  |4 edt  |4 aut 
700 1 |a Videman, Jan,  |d 1964-  |7 mzk2009544807  |4 edt  |4 aut 
700 1 |a Engelbrecht, Wilken,  |d 1962-  |7 jo20000070954  |4 aut 
710 2 |a Arcidiecézní muzeum (Kroměříž, Česko)  |7 olak2007396451 
710 2 |a Národní památkový ústav.  |b Územní odborné pracoviště - správa státního zámku Kroměříž  |7 ko2015853734 
830 0 |a Sbírky Arcibiskupství olomouckého  |0 s 
856 4 1 |u http://www.digitalniknihovna.cz/mzk/uuid/uuid:d69acfe0-1bc7-11e5-b642-005056827e51  |y Digitalizovaný dokument  |x NDK 
910 2 |a BOA001  |b 4-1337.716,1 
928 9 |a Česká numismatická společnost 
990 |a BK 
995 |a 01 
991 |b 201412  |c NOV  |e n 
996 6 |b 2610614429  |c 4-1337.716,1  |l MZK  |r Sklad / do 1 hodiny  |n 0  |p p.v.  |w 001475097  |u 000010  |a 1  |e BOA001  |j MZK50  |s P 
996 7 |b 2610625953  |c 4-1337.716,1  |l MZK  |r Sklad / do 1 hodiny  |n 2  |p kup  |w 001475097  |u 000020  |a 1  |e BOA001  |j MZK50  |s A